[Event "Tehran Universities-ch"]
[Site "Tehran"]
[Date "2020.11.30"]
[Round "3"]
[White "Alibabaei, Sasan"]
[Black "Ghanbarzadeh, Reza"]
[Result "0-1"]
[WhiteElo "2042"]
[BlackElo "2143"]
[PlyCount "126"]
[EventDate "2020.11.30"]
[EventType "swiss (rapid)"]
[EventRounds "7"]
[EventCountry "IRI"]
[SourceTitle "CBM 199 Extra"]
[Source "ChessBase"]
[SourceDate "2021.01.31"]
[SourceVersion "1"]
[SourceVersionDate "2021.01.31"]
[SourceQuality "1"]

1. e4 c5 2. Nf3 Nc6 3. d4 cxd4 4. Nxd4 Nf6 5. Nc3 e6 6. a3 d5 7. Bb5 Bd7 8. exd5 exd5 9. 0-0 Be7 10. Re1 0-0 11. Bg5 a6 12. Ba4 Bc5 13. Nf3 Be6 14. b4 Be7 15. Bxc6 bxc6 16. Nd4 Bd7 17. Na4 Re8 18. Nc5 Bxc5 19. bxc5 h6 20. Rxe8+ Bxe8 21. Bh4 g5 22. Bg3 Ne4 23. Qf3 Bd7 24. Bd6 Qa5 25. h4 Qd2 26. Rd1 g4 27. Rxd2 gxf3 28. Rd3 fxg2 29. Kxg2 Nxd6 30. cxd6 c5 31. Nf3 d4 32. Ne5 Bf5 33. Rg3+ Kf8 34. Kf1 Rd8 35. Rf3 Be6 36. d7 Kg7 37. c3 f6 38. Rg3+ Kh7 39. Ng6 Bxd7 40. cxd4 cxd4 41. h5 Re8 42. Nf4 Bb5+ 43. Kg2 Re4 44. Nd5 Re6 45. Nf4 Re5 46. a4 Bxa4 47. Rd3 Re4 48. Kg3 Bb5 49. Rd2 d3 50. Kf3 Rd4 51. Ke3 Rd8 52. Rd1 Re8+ 53. Kd2 Re4 54. Nd5 Re2+ 55. Kc3 Rc2+ 56. Kd4 Rxf2 57. Ke3 Rf5 58. Ke4 Rf2 59. Ke3 Rf5 60. Ke4 Re5+ 61. Kd4 Re6 62. Rg1 f5 63. Nf4 Re4+ 0-1

[Event "Tehran Universities-ch"]
[Site "Tehran"]
[Date "2020.11.30"]
[Round "1"]
[White "Farjad, Farid"]
[Black "Ghanbarzadeh, Reza"]
[Result "0-1"]
[WhiteElo "1814"]
[BlackElo "2143"]
[PlyCount "94"]
[EventDate "2020.11.30"]
[EventType "swiss (rapid)"]
[EventRounds "7"]
[EventCountry "IRI"]
[SourceTitle "CBM 199 Extra"]
[Source "ChessBase"]
[SourceDate "2021.01.31"]
[SourceVersion "1"]
[SourceVersionDate "2021.01.31"]
[SourceQuality "1"]

1. d4 Nf6 2. Nf3 b6 3. Bf4 Bb7 4. e3 g6 5. Be2 d6 6. h3 Nbd7 7. 0-0 Bg7 8. c4 0-0 9. Nc3 a6 10. Rc1 Re8 11. b4 e5 12. Bh2 Qe7 13. Re1 e4 14. Nd2 c5 15. bxc5 bxc5 16. d5 Rab8 17. Qc2 Bc8 18. Rb1 Nb6 19. a4 h5 20. a5 Nbd7 21. Rxb8 Nxb8 22. Rb1 Nbd7 23. Na4 Ne5 24. Rb6 Kh8 25. Nc3 Nfd7 26. Rb1 f5 27. Na4 Nf6 28. Nb6 Bb7 29. Na4 Bc8 30. Nb6 Bb7 31. Na4 Qc7 32. Bxe5 Rxe5 33. Qb3 Qxa5 34. Qxb7 Qxd2 35. Bf1 f4 36. Qb8+ Re8 37. Qxd6 fxe3 38. fxe3 Qxe3+ 39. Kh1 Qf2 40. Nxc5 e3 41. Nd3 Qd2 42. Qf4 Ne4 43. Rb8 Rxb8 44. Qxb8+ Kh7 45. Qf4 e2 46. Qxd2 exf1Q+ 47. Kh2 Nxd2 0-1

[Event "Rasht Khazar op 12th"]
[Site "Rasht"]
[Date "2014.02.12"]
[Round "2"]
[White "Ghanbarzadeh, Reza"]
[Black "Darini, Pouria"]
[Result "1/2-1/2"]
[WhiteElo "2201"]
[BlackElo "2509"]
[PlyCount "78"]
[EventDate "2014.02.11"]
[EventType "swiss"]
[EventRounds "9"]
[EventCountry "IRI"]
[SourceTitle "CBM 158 Extra"]
[Source "ChessBase"]
[SourceDate "2014.02.28"]
[SourceVersion "1"]
[SourceVersionDate "2014.02.28"]
[SourceQuality "1"]

1. e4 c5 2. c3 Nf6 3. e5 Nd5 4. d4 cxd4 5. Nf3 Nc6 6. Bc4 Nb6 7. Bb3 d5 8. exd6 Qxd6 9. 0-0 Be6 10. Bxe6 Qxe6 11. Nxd4 Nxd4 12. Qxd4 Rd8 13. Qh4 Qe2 14. Be3 e6 15. Nd2 Be7 16. Qg3 Rxd2 17. Rfe1 Qd3 18. Bxd2 Qxd2 19. Rad1 Qg5 20. Qb8+ Bd8 21. Qxb7 0-0 22. Qxa7 Nd5 23. Qc5 Qg6 24. Qc4 Bb6 25. Qe4 Qg5 26. Rd3 Nf4 27. Rg3 Qh6 28. Rf3 Bc7 29. Rd1 f5 30. Qc4 Qg5 31. Rg3 Qh5 32. Re1 Bb8 33. h3 Rd8 34. Rf3 g5 35. a4 Qf7 36. a5 Qd7 37. g3 Rc8 38. Qb3 Nd5 39. Rd1 Qf7 1/2-1/2

[Event "IRI-ch"]
[Site "Tabriz"]
[Date "2013.12.05"]
[Round "11"]
[White "Ghanbarzadeh, Reza"]
[Black "Galehdari, Bardia"]
[Result "1-0"]
[WhiteElo "2189"]
[BlackElo "2227"]
[PlyCount "67"]
[EventDate "2013.11.27"]
[EventType "swiss"]
[EventRounds "11"]
[EventCountry "IRI"]
[SourceTitle "CBM 157 Extra"]
[Source "ChessBase"]
[SourceDate "2013.12.19"]
[SourceVersion "1"]
[SourceVersionDate "2013.12.19"]
[SourceQuality "1"]

1. d4 Nf6 2. Nc3 c5 3. d5 d6 4. e4 g6 5. g3 Bg7 6. Bg2 0-0 7. Nge2 Na6 8. 0-0 Nc7 9. a4 Bd7 10. h3 b5 11. axb5 Nxb5 12. Qd3 a6 13. Be3 Qc7 14. e5 c4 15. Qd2 dxe5 16. Nxb5 Bxb5 17. d6 exd6 18. Bxa8 Rxa8 19. Nc3 Bc6 20. Bg5 Ne4 21. Nxe4 Bxe4 22. Rad1 Bf8 23. Qe2 Qc6 24. f3 Bf5 25. g4 Be6 26. Qe4 Qc8 27. f4 f5 28. Qe3 fxg4 29. fxe5 dxe5 30. Rd8 Qxd8 31. Bxd8 Rxd8 32. Qxe5 Bf5 33. hxg4 Bxg4 34. Qg5 1-0

[Event "Wch U10"]
[Site "Porto Carras"]
[Date "2010.10.24"]
[Round "6"]
[White "Petrov, Martin"]
[Black "Ghanbarzadeh, Reza"]
[Result "1-0"]
[WhiteElo "1858"]
[BlackElo "1804"]
[PlyCount "53"]
[EventDate "2010.10.20"]
[EventType "swiss"]
[EventRounds "11"]
[EventCountry "GRE"]
[SourceTitle "EXT 2011"]
[Source "ChessBase"]
[SourceDate "2010.11.26"]
[SourceVersion "1"]
[SourceVersionDate "2010.11.26"]
[SourceQuality "1"]

1. e4 c5 2. Nf3 Nc6 3. d4 cxd4 4. Nxd4 g6 5. Nc3 Bg7 6. Be3 Nf6 7. Bc4 0-0 8. Bb3 d6 9. f3 Nd7 10. Qd2 Nb6 11. 0-0-0 Na5 12. Qe2 Nxb3+ 13. axb3 a5 14. Na4 Nxa4 15. bxa4 Bd7 16. Nb5 Ra6 17. h4 Qb8 18. h5 Rc8 19. hxg6 hxg6 20. g4 f6 21. Bh6 Bxh6+ 22. Rxh6 Kg7 23. Rdh1 Bxb5 24. Rh7+ Kf8 25. Qxb5 Rac6 26. Rh8+ Kf7 27. Qd5+ 1-0

[Event "Asian-ch U10"]
[Site "Beijing"]
[Date "2010.07.10"]
[Round "3.2"]
[White "Tabatabaei, Mohammad Amin"]
[Black "Ghanbarzadeh, Reza"]
[Result "1-0"]
[WhiteElo "1761"]
[BlackElo "1803"]
[PlyCount "61"]
[EventDate "2010.07.09"]
[EventType "swiss"]
[EventRounds "9"]
[EventCountry "CHN"]
[SourceTitle "EXT 2024"]
[Source "ChessBase"]
[SourceDate "2023.10.10"]
[SourceVersion "1"]
[SourceVersionDate "2023.10.10"]
[SourceQuality "1"]

1. d4 Nf6 2. Nc3 d5 3. Nf3 e6 4. Bg5 Bb4 5. a3 Bxc3+ 6. bxc3 c5 7. c4 cxd4 8. Nxd4 dxc4 9. e4 Qa5+ 10. Qd2 Qe5 11. Nf3 Qxe4+ 12. Be2 Nc6 13. 0-0 0-0 14. Rfe1 Rd8 15. Qc1 Nd4 16. Nxd4 Qxd4 17. Be3 Qe5 18. Bf4 Qc3 19. Bf3 Qa5 20. Re5 Nd5 21. Rh5 Qc5 22. Bh6 g6 23. Qe1 gxh5 24. Qe5 Qf8 25. Qg5+ Kh8 26. Bxf8 Rxf8 27. Bxd5 exd5 28. Qf6+ Kg8 29. Re1 d4 30. Re5 h6 31. Qxh6 1-0